000 00371nam a2200157Ia 4500
008 230312s9999||||xx |||||||||||||| ||und||
020 _a969 8718 00 1
082 _a297
_bIRF-A
100 _aعرفان الحق
245 0 _aAllah ul Samad ( اللھ الصمد)
260 _bBABA
_aLahore
_c2003
300 _a276
546 _aUrdu
650 _aLiterature
942 _cBK
999 _c72
_d72